|
|
|
|
| LEADER |
00000nam a2200000 a 4500 |
| 001 |
vtls001223669 |
| 003 |
SK-MaSNL |
| 005 |
20260301112645.0 |
| 008 |
130606s1996 xo 0 cze |
| 015 |
|
|
|a SNBJ1997/01-00316
|
| 035 |
|
|
|a SNK000169878
|
| 040 |
|
|
|a SNK
|b slo
|c SNK
|e AACR2
|
| 044 |
|
|
|a xo
|c SK
|
| 080 |
|
|
|a 791.43(73)(086.8)
|2 1981
|
| 245 |
1 |
|
|a Smrtící systém
|h videozáznam
|b existuje jediný způsob jak z vězení utéct
|c réžia J. Christian Ingvordsen
|
| 246 |
1 |
0 |
|a Cyber Vengeance
|
| 260 |
|
|
|a Bratislava
|b Intersonic
|c 1996
|
| 300 |
|
|
|a 1 videokazeta (97 min.)
|b stereo, fareb., VHS systém PAL
|c 10x19 cm
|
| 511 |
|
|
|a Herci: Robert Davi (Crowley), J. Gregory Smith (Singleton), Matthias Hues (Thor), Amy Lynn Baxter
|
| 521 |
|
|
|a Mládeži do 15 r. nevhodné
|
| 650 |
0 |
7 |
|a filmy sci-fi
|x videokazety
|2 SNK
|9 288449
|
| 655 |
|
7 |
|a videokazety
|2 SNK
|9 70726
|
| 700 |
1 |
|
|a Ingvordsen, Christian J.
|4 aud
|9 44506
|
| 700 |
1 |
|
|a Davi, Robert
|4 uci
|9 41088
|
| 700 |
1 |
|
|a Smith, Gregory J.
|4 uci
|9 46870
|
| 700 |
1 |
|
|a Hues, Matthias
|4 uci
|9 44401
|
| 700 |
1 |
|
|a Baxter, Amy Lynn
|4 uci
|9 42774
|
| 999 |
|
|
|c 711169
|d 713099
|
| 952 |
|
|
|t P65, <07>, [BOOK], {657}
|a SNK
|b SNK
|y PREZ
|7 0
|p 17A0023528
|o snkSVC 807
|i snkJK 103/97
|0 0
|1 0
|4 0
|d 1997-01-24
|l 0
|r 2005-01-01 00:00:00
|w 2026-02-23
|